| 000 | 00950nac a22002531u 4500 | ||
|---|---|---|---|
| 008 | 150901b xxu||||| |||| 00| 0 eng d | ||
| 082 |
_a657.74 21 _bKIR |
||
| 100 | _aKirkland, Keith | ||
| 245 |
_aSimple and practical payroll : how to administer PAYE, National Insurance, Statutory Sick Pay, and Statutory Maternity Pay : CD / _cKeith Kirkland and Stuart Howard. |
||
| 246 | _aPayroll | ||
| 260 |
_aLondon : _bKogan Page, 1998. _cc1998. |
||
| 300 |
_ap. _f1 CD-ROM (4 3/4 in.) |
||
| 440 | _a( Simple and practical business skills) | ||
| 500 | _aAudiovisuals | ||
| 500 | _aDistributer: Al-Ahram | ||
| 511 | _aCatalogued by: Sara | ||
| 650 |
_aPayrolls. _2BUEsh |
||
| 650 |
_aPayrolls -- Problems, exercises, etc. _2BUEsh |
||
| 650 |
_aWages -- Accounting. _2BUEsh |
||
| 650 |
_aWages -- Accounting -- Problems, exercises, etc. _2BUEsh |
||
| 651 | _2BUEsh | ||
| 700 |
_aHoward, Stuart _d1961- |
||
| 942 |
_cCDB _k657.74 21 KIR _2ddc |
||
| 999 |
_c9227 _d9227 |
||